00828nam a2200277Ia 4500008004100000020001800041050001400059100001700073245002100090245003300111245005100144260002500195260001600220260000900236300001400245300002800259300001000287500000900297650004300306650002000349650001900369700002000388700001100408999001900419952011200438190123s9999 xx 000 0 und d a9780545496575 bD284 2007 aDeans, Karen 0aPlaying to win : 4bthe story of Althea Gibson / 0cby Karen Deans ; illustrated by Elbrite Brown. aNew York, New York : bScholastic, c2007 aunpaged : bcolored illustrations ; c23cm. a890L aAfrican American women tennis players. aTennis players. aUnited States. aBrown, Elbrite. aTitle. c361110d361110 001040aSSISMbSSISMcSSISMd2019-01-23l0oLEX D284 2007pSSISM6267r2019-01-23 00:00:00w2019-01-23yLEX